Statistics for Looney Tunes / Merrie Melodies Franchise (1946-1960)

Click here to take the quiz!

General Stats

  • This quiz has been taken 8 times
  • The average score is 18 of 417

Answer Stats

TypeYearNameInfo% Correct
Short Film1955One Froggy EveningWarner Bros.
80%
Short Film1948Haredevil HareWarner Bros.
60%
Short Film1952Rabbit SeasoningWarner Bros.
60%
Short Film1957What's Opera, Doc?Warner Bros.
60%
Comic Series1953-1962Daffy DuckDell Publishing
40%
Short Film1953Duck Dodgers in the 24½th CenturyWarner Bros.
40%
Short Film1953Duck! Rabbit, Duck!Warner Bros.
40%
Short Film1952Feed the KittyWarner Bros.
40%
Short Film1960From Hare to HeirWarner Bros.
40%
Short Film1958Hare-Way to the StarsWarner Bros.
40%
Comic Series1955-1962Looney TunesDell Publishing
40%
Short Film1951Rabbit FireWarner Bros.
40%
Short Film1949Rabbit HoodWarner Bros.
40%
Short Film1948The Foghorn LeghornWarner Bros.
40%
Short Film1957Three Little BopsWarner Bros.
40%
Short Film1959A Broken LeghornWarner Bros.
20%
Short Film1949A Ham in a RoleWarner Bros.
20%
Short Film1952Ain't She TweetWarner Bros.
20%
Short Film1947A Pest in the HouseWarner Bros.
20%
Short Film1949Awful OrphanWarner Bros.
20%
Short Film1946Baseball BugsWarner Bros.
20%
Short Film1957Birds AnonymousWarner Bros.
20%
Short Film1948Buccaneer BunnyWarner Bros.
20%
Short Film1954Bugs and ThugsWarner Bros.
20%
Short Film1957Bugsy and MugsyWarner Bros.
20%
Short Film1953Bully for BugsWarner Bros.
20%
Short Film1951Bunny HuggedWarner Bros.
20%
Short Film1950Canary RowWarner Bros.
20%
Short Film1958Cat FeudWarner Bros.
20%
Short Film1953Cat-Tails for TwoWarner Bros.
20%
Short Film1953Catty CorneredWarner Bros.
20%
Short Film1954Devil May HareWarner Bros.
20%
Short Film1954Dog PoundedWarner Bros.
20%
Short Film1948Dough Ray Me-owWarner Bros.
20%
Short Film1953Duck AmuckWarner Bros.
20%
Short Film1949Fast and Furry-ousWarner Bros.
20%
Short Film1949For Scent-imental ReasonsWarner Bros.
20%
Short Film1954From A to Z-Z-Z-ZWarner Bros.
20%
Short Film1960Goldimouse and the Three CatsWarner Bros.
20%
Short Film1955Guided MuscleWarner Bros.
20%
Short Film1946Hair-Raising HareWarner Bros.
20%
Short Film1949Hare DoWarner Bros.
20%
Short Film1950Home Tweet HomeWarner Bros.
20%
Short Film1946Kitty KorneredWarner Bros.
20%
Short Film1958Knighty Knight BugsWarner Bros.
20%
Short Film1953Lumber Jack-RabbitWarner Bros.
20%
Short Film1955Lumber JerksWarner Bros.
20%
Short Film1952Operation: RabbitWarner Bros.
20%
Short Film1950Rabbit of SevilleWarner Bros.
20%
Short Film1959Really ScentWarner Bros.
20%
Short Film1958Robin Hood DaffyWarner Bros.
20%
Short Film1955Sahara HareWarner Bros.
20%
Short Film1947Scent-imental Over YouWarner Bros.
20%
Short Film1957Scrambled AchesWarner Bros.
20%
Short Film1953Southern Fried RabbitWarner Bros.
20%
Short Film1955Speedy GonzalesWarner Bros.
20%
Short Film1956Stupor DuckWarner Bros.
20%
Short Film1957Tabasco RoadWarner Bros.
20%
TV Show1960-2000The Bugs Bunny ShowABC / CBS
20%
Short Film1946The Great Piggy Bank RobberyWarner Bros.
20%
Short Film1952The Hasty HareWarner Bros.
20%
Short Film1959The Mouse That Jack BuiltWarner Bros.
20%
Short Film1959Tweet and LovelyWarner Bros.
20%
Short Film1951Tweet Tweet TweetyWarner Bros.
20%
Short Film1957Tweety and the BeanstalkWarner Bros.
20%
Short Film1955Tweety's CircusWarner Bros.
20%
Short Film1951Tweety's S.O.S.Warner Bros.
20%
Short Film1950What's Up, Doc?Warner Bros.
20%
Short Film1960Who Scent You?Warner Bros.
20%
Short Film1954Wild WifeWarner Bros.
20%
Short Film195214 Carrot RabbitWarner Bros.
0%
Short Film19508 Ball BunnyWarner Bros.
0%
Short Film1951A Bear for PunishmentWarner Bros.
0%
Short Film1958A Bird in a BonnetWarner Bros.
0%
Short Film1952A Bird in a Guilty CageWarner Bros.
0%
Short Film1951A Bone for a BoneWarner Bros.
0%
Short Film1946Acrobatty BunnyWarner Bros.
0%
Short Film1948A Feather in His HareWarner Bros.
0%
Short Film1951A Fox in a FixWarner Bros.
0%
Short Film1950A Fractured LeghornWarner Bros.
0%
Short Film1947A Hare Grows in ManhattanWarner Bros.
0%
Short Film1948A Hick a Slick and a ChickWarner Bros.
0%
Short Film1947A Horse Fly FleasWarner Bros.
0%
Short Film1951A Hound for TroubleWarner Bros.
0%
Short Film1955A Kiddie's KittyWarner Bros.
0%
Short Film1948A-Lad-In His LampWarner Bros.
0%
Short Film1957Ali Baba BunnyWarner Bros.
0%
Short Film1950All a Bir-r-r-dWarner Bros.
0%
Short Film1955All Fowled UpWarner Bros.
0%
Short Film1947Along Came DaffyWarner Bros.
0%
Short Film1953A Mouse DividedWarner Bros.
0%
Short Film1959A Mutt in a RutWarner Bros.
0%
Short Film1950An Egg ScrambleWarner Bros.
0%
Short Film1953Ant PastedWarner Bros.
0%
Short Film1953A Peck o' TroubleWarner Bros.
0%
Short Film1959Apes of WrathWarner Bros.
0%
Short Film1958A Pizza Tweety PieWarner Bros.
0%
Short Film1956A Star Is BoredWarner Bros.
0%
Short Film1953A Street Cat Named SylvesterWarner Bros.
0%
Short Film1958A Waggily TaleWarner Bros.
0%
Short Film1959A Witch's Tangled HareWarner Bros.
0%
Short Film1946Baby BottleneckWarner Bros.
0%
Short Film1954Baby Buggy BunnyWarner Bros.
0%
Short Film1946Bacall to ArmsWarner Bros.
0%
Short Film1948Back Alley OproarWarner Bros.
0%
Short Film1959Backwoods BunnyWarner Bros.
0%
Short Film1949Bad Ol' Putty TatWarner Bros.
0%
Short Film1951Ballot Box BunnyWarner Bros.
0%
Short Film1956Barbary Coast BunnyWarner Bros.
0%
Short Film1959Baton BunnyWarner Bros.
0%
Short Film1955Beanstalk BunnyWarner Bros.
0%
Short Film1949Bear FeatWarner Bros.
0%
Short Film1957Bedevilled RabbitWarner Bros.
0%
Short Film1952Beep, BeepWarner Bros.
0%
Comic Series1958-1962Beep Beep The Road RunnerDell Publishing
0%
Short Film1954Bell HoppyWarner Bros.
0%
Short Film1954Bewitched BunnyWarner Bros.
0%
Short Film1950Big House BunnyWarner Bros.
0%
Short Film1951Big Top BunnyWarner Bros.
0%
Short Film1959Bonanza BunnyWarner Bros.
0%
Short Film1948Bone Sweet BoneWarner Bros.
0%
Short Film1950Boobs in the WoodsWarner Bros.
0%
Short Film1946Book RevueWarner Bros.
0%
Short Film1957Boston QuackieWarner Bros.
0%
Short Film1949Bowery BugsWarner Bros.
0%
Short Film1957Boyhood DazeWarner Bros.
0%
Short Film1956Broom-Stick BunnyWarner Bros.
0%
Short Film1956Bugs' BonnetsWarner Bros.
0%
Short Film1948Bugs Bunny Rides AgainWarner Bros.
0%
Short Film1950Bunker Hill BunnyWarner Bros.
0%
Short Film1950Bushy HareWarner Bros.
0%
Short Film1949Bye, Bye BluebeardWarner Bros.
0%
Short Film1954By Word of MouseWarner Bros.
0%
Short Film1951Canned FeudWarner Bros.
0%
Short Film1954Captain HareblowerWarner Bros.
0%
Short Film1947Catch as Cats CanWarner Bros.
0%
Short Film1953Cat's A-weighWarner Bros.
0%
Short Film1959Cat's PawWarner Bros.
0%
Short Film1950Caveman InkiWarner Bros.
0%
Short Film1951Cheese ChasersWarner Bros.
0%
Short Film1957Cheese It, the Cat!Warner Bros.
0%
Short Film1959China JonesWarner Bros.
0%
Short Film1951Chow HoundWarner Bros.
0%
Short Film1954Claws for AlarmWarner Bros.
0%
Short Film1951Corn PlasteredWarner Bros.
0%
Short Film1952Cracked QuackWarner Bros.
0%
Short Film1960Crockett-Doodle-DoWarner Bros.
0%
Short Film1947Crowing PainsWarner Bros.
0%
Short Film1949Curtain RazorWarner Bros.
0%
Short Film1948Daffy DillyWarner Bros.
0%
Short Film1946Daffy DoodlesWarner Bros.
0%
Short Film1949Daffy Duck HuntWarner Bros.
0%
Short Film1948Daffy Duck Slept HereWarner Bros.
0%
Short Film1956Deduce, You Say!Warner Bros.
0%
Short Film1954Design for LeavingWarner Bros.
0%
Short Film1955Dime to RetireWarner Bros.
0%
Short Film1950Dog CollaredWarner Bros.
0%
Short Film1947Doggone CatsWarner Bros.
0%
Short Film1960Dog Gone PeopleWarner Bros.
0%
Short Film1950Dog Gone SouthWarner Bros.
0%
Short Film1958Dog TalesWarner Bros.
0%
Short Film1958Don't Axe MeWarner Bros.
0%
Short Film1953Don't Give Up the SheepWarner Bros.
0%
Short Film1955Double or MuttonWarner Bros.
0%
Short Film1949Dough for the Do-DoWarner Bros.
0%
Short Film1951Drip-Along DaffyWarner Bros.
0%
Short Film1954Dr. Jerkyl's HideWarner Bros.
0%
Short Film1957Ducking the DevilWarner Bros.
0%
Short Film1949Each Dawn I CrowWarner Bros.
0%
Short Film1951Early to BetWarner Bros.
0%
Short Film1947Easter YeggsWarner Bros.
0%
Short Film1953Easy PeckinsWarner Bros.
0%
Short Film1946Fair and Worm-erWarner Bros.
0%
Short Film1960Fastest with the MostestWarner Bros.
0%
Short Film1958Feather BlusterWarner Bros.
0%
Short Film1955Feather DustedWarner Bros.
0%
Short Film1954Feline Frame-UpWarner Bros.
0%
Short Film1952Fool CoverageWarner Bros.
0%
Short Film1953Forward March HareWarner Bros.
0%
Short Film1953Fowl WeatherWarner Bros.
0%
Short Film1957Fox-TerrorWarner Bros.
0%
Short Film1952Foxy by ProxyWarner Bros.
0%
Short Film1951French RarebitWarner Bros.
0%
Short Film1949Frigid HareWarner Bros.
0%
Short Film1956Gee Whiz-z-z-z-z-z-zWarner Bros.
0%
Short Film1952Gift WrappedWarner Bros.
0%
Short Film1957Go Fly a KitWarner Bros.
0%
Short Film1952Going! Going! Gosh!Warner Bros.
0%
Short Film1950Golden YeggsWarner Bros.
0%
Short Film1954Gone BattyWarner Bros.
0%
Short Film1957Gonzales' TamalesWarner Bros.
0%
Short Film1954Goo Goo GoliathWarner Bros.
0%
Short Film1958Gopher BrokeWarner Bros.
0%
Short Film1948Gorilla My DreamsWarner Bros.
0%
Short Film1957Greedy for TweetyWarner Bros.
0%
Short Film1956Half-Fare HareWarner Bros.
0%
Short Film1959Hare-Abian NightsWarner Bros.
0%
Short Film1955Hare BrushWarner Bros.
0%
Short Film1958Hare-Less WolfWarner Bros.
0%
Short Film1952Hare LiftWarner Bros.
0%
Short Film1946Hare RemoverWarner Bros.
0%
Short Film1948Hare SplitterWarner Bros.
0%
Short Film1953Hare TrimmedWarner Bros.
0%
Short Film1951Hare We GoWarner Bros.
0%
Short Film1956Heaven ScentWarner Bros.
0%
Short Film1955Heir-ConditionedWarner Bros.
0%
Short Film1949Henhouse HeneryWarner Bros.
0%
Short Film1959Here Today, Gone TamaleWarner Bros.
0%
Short Film1949High Diving HareWarner Bros.
0%
Short Film1960High NoteWarner Bros.
0%
Short Film1950Hillbilly HareWarner Bros.
0%
Short Film1958Hip Hip-Hurry!Warner Bros.
0%
Short Film1949Hippety HopperWarner Bros.
0%
Short Film1950His Bitter HalfWarner Bros.
0%
Short Film1951His Hare-Raising TaleWarner Bros.
0%
Short Film1947Hobo BoboWarner Bros.
0%
Short Film1949Holiday for DrumsticksWarner Bros.
0%
Short Film1946Holiday for ShoestringsWarner Bros.
0%
Short Film1946Hollywood Canine CanteenWarner Bros.
0%
Short Film1946Hollywood DaffyWarner Bros.
0%
Short Film1950Homeless HareWarner Bros.
0%
Short Film1958Hook, Line and StinkerWarner Bros.
0%
Short Film1960Hopalong CasualtyWarner Bros.
0%
Short Film1948Hop, Look and ListenWarner Bros.
0%
Short Film1952Hoppy Go LuckyWarner Bros.
0%
Short Film1960Horse HareWarner Bros.
0%
Short Film1948Hot Cross BunnyWarner Bros.
0%
Short Film1959Hot-Rod and Reel!Warner Bros.
0%
Short Film1947House Hunting MiceWarner Bros.
0%
Short Film1950Hurdy-Gurdy HareWarner Bros.
0%
Short Film1946Hush My MouseWarner Bros.
0%
Short Film1960Hyde and Go TweetWarner Bros.
0%
Short Film1955Hyde and HareWarner Bros.
0%
Short Film1954I Gopher YouWarner Bros.
0%
Short Film1947Inki at the CircusWarner Bros.
0%
Short Film1948I Taw a Putty TatWarner Bros.
0%
Short Film1950It's Hummer TimeWarner Bros.
0%
Short Film1955Jumpin' JupiterWarner Bros.
0%
Short Film1952Kiddin' the KittenWarner Bros.
0%
Short Film1953Kiss Me CatWarner Bros.
0%
Short Film1948Kit for CatWarner Bros.
0%
Short Film1955Knight-mare HareWarner Bros.
0%
Short Film1949Knights Must FallWarner Bros.
0%
Short Film1951Leghorn SwoggledWarner Bros.
0%
Short Film1960Lighter Than HareWarner Bros.
0%
Short Film1955Lighthouse MouseWarner Bros.
0%
Short Film1952Little Beau PepéWarner Bros.
0%
Short Film1954Little Boy BooWarner Bros.
0%
Short Film1947Little Orphan AiredaleWarner Bros.
0%
Short Film1952Little Red Rodent HoodWarner Bros.
0%
Short Film1949Long-Haired HareWarner Bros.
0%
Short Film1951Lovelorn LeghornWarner Bros.
0%
Short Film1959Mexicali ShmoesWarner Bros.
0%
Short Film1947Mexican JoyrideWarner Bros.
0%
Short Film1960Mice FolliesWarner Bros.
0%
Short Film1949Mississippi HareWarner Bros.
0%
Short Film1956Mixed MasterWarner Bros.
0%
Short Film1960Mouse and GardenWarner Bros.
0%
Short Film1949Mouse MazurkaWarner Bros.
0%
Short Film1946Mouse MenaceWarner Bros.
0%
Short Film1959Mouse-Placed KittenWarner Bros.
0%
Short Film1957Mouse-Taken IdentityWarner Bros.
0%
Short Film1952Mouse-WarmingWarner Bros.
0%
Short Film1949Mouse WreckersWarner Bros.
0%
Short Film1953Much Ado About NuttingWarner Bros.
0%
Short Film1953Muscle TussleWarner Bros.
0%
Short Film1950Mutiny on the BunnyWarner Bros.
0%
Short Film1954Muzzle ToughWarner Bros.
0%
Short Film1948My Bunny Lies Over the SeaWarner Bros.
0%
Short Film1954My Little DuckarooWarner Bros.
0%
Short Film1956Napoleon Bunny-PartWarner Bros.
0%
Short Film1954No BarkingWarner Bros.
0%
Short Film1954No Parking HareWarner Bros.
0%
Short Film1948Nothing But the ToothWarner Bros.
0%
Short Film1958Now Hare ThisWarner Bros.
0%
Short Film1948Odor of the DayWarner Bros.
0%
Short Film1953Of Rice and HenWarner Bros.
0%
Short Film1949Often an OrphanWarner Bros.
0%
Short Film1946Of Thee I SingWarner Bros.
0%
Short Film1952Oily HareWarner Bros.
0%
Short Film1947One Meat BrawlWarner Bros.
0%
Short Film1955Pappy's PuppyWarner Bros.
0%
Short Film1955Past PerfumanceWarner Bros.
0%
Short Film1949Paying the PiperWarner Bros.
0%
Short Film1959People Are BunnyWarner Bros.
0%
Short Film1960Person to BunnyWarner Bros.
0%
Short Film1955Pests for GuestsWarner Bros.
0%
Short Film1957Piker's PeakWarner Bros.
0%
Short Film1955Pizzicato PussycatWarner Bros.
0%
Short Film1953Plop Goes the WeaselWarner Bros.
0%
Short Film1950Pop 'im Pop!Warner Bros.
0%
Short Film1949Porky ChopsWarner Bros.
0%
Short Film1958Pre-Hysterical HareWarner Bros.
0%
Short Film1953Punch TrunkWarner Bros.
0%
Short Film1951Putty Tat TroubleWarner Bros.
0%
Short Film1954Quack ShotWarner Bros.
0%
Short Film1946Quentin QuailWarner Bros.
0%
Short Film1951Rabbit Every MondayWarner Bros.
0%
Short Film1948Rabbit PunchWarner Bros.
0%
Short Film1955Rabbit RampageWarner Bros.
0%
Short Film1957Rabbit RomeoWarner Bros.
0%
Short Film1960Rabbit's FeatWarner Bros.
0%
Short Film1952Rabbit's KinWarner Bros.
0%
Short Film1956Rabbitson CrusoeWarner Bros.
0%
Short Film1947Rabbit TransitWarner Bros.
0%
Short Film1946Racketeer RabbitWarner Bros.
0%
Short Film1956Raw! Raw! Rooster!Warner Bros.
0%
Short Film1955Ready, Set, Zoom!Warner Bros.
0%
Short Film1960Ready, Woolen and AbleWarner Bros.
0%
Short Film1949Rebel RabbitWarner Bros.
0%
Short Film1955Red Riding HoodwinkedWarner Bros.
0%
Short Film1946Rhapsody RabbitWarner Bros.
0%
Short Film1948Riff Raffy DaffyWarner Bros.
0%
Short Film1953Robot RabbitWarner Bros.
0%
Short Film1956Rocket-Bye BabyWarner Bros.
0%
Short Film1956Rocket SquadWarner Bros.
0%
Short Film1955Roman Legion-HareWarner Bros.
0%
Short Film1951Room and BirdWarner Bros.
0%
Short Film1946Roughly SqueakingWarner Bros.
0%
Short Film1955Sandy ClawsWarner Bros.
0%
Short Film1954Satan's Waitin'Warner Bros.
0%
Short Film1948Scaredy CatWarner Bros.
0%
Short Film1951Scent-imental RomeoWarner Bros.
0%
Short Film1954Sheep AhoyWarner Bros.
0%
Short Film1957Show Biz BugsWarner Bros.
0%
Short Film1951Sleepy Time PossumWarner Bros.
0%
Short Film1947Slick HareWarner Bros.
0%
Short Film1953Snow BusinessWarner Bros.
0%
Short Film1952Sock a Doodle DooWarner Bros.
0%
Short Film1957Steal WoolWarner Bros.
0%
Short Film1950Stooge for a MouseWarner Bros.
0%
Short Film1954Stop! Look! And Hasten!Warner Bros.
0%
Short Film1955Stork NakedWarner Bros.
0%
Short Film1950Strife with FatherWarner Bros.
0%
Short Film1949Swallow the LeaderWarner Bros.
0%
Short Film1952Terrier-StrickenWarner Bros.
0%
Short Film1949The Bee-Deviled BruinWarner Bros.
0%
Short Film1946The Big SnoozeWarner Bros.
0%
Short Film1947The Birth of a NotionWarner Bros.
0%
Short Film1954The Cat's BahWarner Bros.
0%
Short Film1960The Dixie FryerWarner Bros.
0%
Short Film1950The DuckstersWarner Bros.
0%
Short Film1946The Eager BeaverWarner Bros.
0%
Short Film1952The EGGcited RoosterWarner Bros.
0%
Short Film1951The Fair-Hared HareWarner Bros.
0%
Short Film1947The Foxy DucklingWarner Bros.
0%
Short Film1947The Gay AntiesWarner Bros.
0%
Short Film1947The Goofy GophersWarner Bros.
0%
Short Film1949The Grey Hounded HareWarner Bros.
0%
Short Film1956The High and the FlightyWarner Bros.
0%
Short Film1955The Hole IdeaWarner Bros.
0%
Short Film1956The Honey-MousersWarner Bros.
0%
Short Film1950The Hypo-Chondri-CatWarner Bros.
0%
Short Film1950The Leghorn Blows at MidnightWarner Bros.
0%
Short Film1950The Lion's BusyWarner Bros.
0%
Short Film1946The Mouse-Merized CatWarner Bros.
0%
Short Film1954The Oily AmericanWarner Bros.
0%
Short Film1948The Pest That Came to DinnerWarner Bros.
0%
Short Film1951The Prize PestWarner Bros.
0%
Short Film1948The Rattled RoosterWarner Bros.
0%
Short Film1953There Auto Be a LawWarner Bros.
0%
Short Film1956There They Go-Go-Go!Warner Bros.
0%
Short Film1950The Scarlet PumpernickelWarner Bros.
0%
Short Film1948The Shell Shocked EggWarner Bros.
0%
Short Film1956The Slap-Hoppy MouseWarner Bros.
0%
Short Film1948The Stupor SalesmanWarner Bros.
0%
Short Film1952The Super SnooperWarner Bros.
0%
Short Film1952The Turn-Tale WolfWarner Bros.
0%
Short Film1956The Unexpected PestWarner Bros.
0%
Short Film1948The Up-Standing SitterWarner Bros.
0%
Short Film1951The Wearing of the GrinWarner Bros.
0%
Short Film1949The Windblown HareWarner Bros.
0%
Short Film1955This Is a Life?Warner Bros.
0%
Short Film1952Thumb FunWarner Bros.
0%
Short Film1956To Hare Is HumanWarner Bros.
0%
Short Film1958To Itch His OwnWarner Bros.
0%
Short Film1953Tom Tom TomcatWarner Bros.
0%
Short Film1956Too Hop to HandleWarner Bros.
0%
Short Film1958Tortilla FlapsWarner Bros.
0%
Short Film1957Touché and GoWarner Bros.
0%
Short Film1956Tree Cornered TweetyWarner Bros.
0%
Short Film1952Tree with TwoWarner Bros.
0%
Short Film1959Trick or TweetWarner Bros.
0%
Short Film1960Trip for TatWarner Bros.
0%
Short Film1956Tugboat GrannyWarner Bros.
0%
Short Film1956Tweet and SourWarner Bros.
0%
Short Film1959Tweet DreamsWarner Bros.
0%
Short Film1947Tweetie PieWarner Bros.
0%
Comic Series1952-1962Tweety and SylvesterDell Publishing
0%
Short Film1957Tweet ZooWarner Bros.
0%
Short Film1956Two Crows from TacosWarner Bros.
0%
Short Film1948Two Gophers from TexasWarner Bros.
0%
Short Film1950Two's a CrowdWarner Bros.
0%
Short Film1955Two Scent's WorthWarner Bros.
0%
Short Film1959Unnatural HistoryWarner Bros.
0%
Short Film1953Upswept HareWarner Bros.
0%
Short Film1946Walky Talky HawkyWarner Bros.
0%
Short Film1952Water, Water Every HareWarner Bros.
0%
Short Film1956Weasel StopWarner Bros.
0%
Short Film1958Weasel While You WorkWarner Bros.
0%
Short Film1960West of the PesosWarner Bros.
0%
Short Film1948What Makes Daffy Duck?Warner Bros.
0%
Short Film1948What's Brewin', Bruin?Warner Bros.
0%
Short Film1949Which Is WitchWarner Bros.
0%
Short Film1958Whoa, Be-Gone!Warner Bros.
0%
Short Film1952Who's Kitten Who?Warner Bros.
0%
Short Film1956Wideo WabbitWarner Bros.
0%
Short Film1959Wild About HurryWarner Bros.
0%
Short Film1959Wild and Woolly HareWarner Bros.
0%
Short Film1953Wild Over YouWarner Bros.
0%
Short Film1960Wild Wild WorldWarner Bros.
0%
Short Film1949Wise QuackersWarner Bros.
0%
Short Film1956Yankee Dood ItWarner Bros.
0%
Short Film1954Yankee Doodle BugsWarner Bros.
0%
Short Film1948You Were Never DuckierWarner Bros.
0%
Short Film1953Zipping AlongWarner Bros.
0%
Short Film1957Zoom and BoredWarner Bros.
0%

Score Distribution

Percentile by Number Answered

Percent of People with Each Score

Your Score History

You have not taken this quiz